000 00503nam a22001457a 4500
020 _a9781492032649
040 _cNUST
082 _a006.31 GER
100 _aGéron, Aurélien
_934963
245 _aHands-On Machine Learning with Scikit-Learn and TensorFlow:
_bConcepts, Tools, And Techniques to Build Intelligent Systems
250 _a2nd Edition
260 _aSebastopol:
_bO'Reilly Media,
_c2019.
650 _aMachine Learning with Scikit-Learn and TensorFlow.NUSTTB2022
_9102860
942 _2ddc
_cBK
999 _c591380
_d591380